Métro parisien : Stations de la ligne 1 - Statistiques

Statistiques générales
  • Ce quiz a été pris 264 fois
  • Le résultat moyen est 17 sur 25
Statistiques - réponses
Station Correspondances % Correct
La Défense
99%
Châtelet
85%
Charles de Gaulle - Étoile
79%
Gare de Lyon
78%
Nation
77%
Château de Vincennes
75%
Bastille
72%
Concorde
72%
Hôtel de Ville
72%
Esplanade de la Défense
71%
Porte Maillot
71%
Argentine
70%
Franklin D. Roosevelt
65%
Les Sablons
65%
Pont de Neuilly
65%
Saint-Paul
63%
Tuileries
63%
George V
62%
Louvre - Rivoli
61%
Palais-Royal - Musée du Louvre
61%
Champs-Élysées - Clemenceau
60%
Porte de Vincennes
58%
Reuilly - Diderot
55%
Saint-Mandé
54%
Bérault
47%
Aucun quiz correspondant
Distribution des résultats
% des personnes avec chaque résultat
Percentile par nombre de réponses
Votre historique - résultats
Vous n’avez pas pris ce quiz